Statistics for 80 Biggest Cities North&South America

Click here to take the quiz!

General Stats

  • This quiz has been taken 1,213 times
    (1,161 since last reset)
  • The average score is 51 of 80

Answer Stats

CountryPopulationCity% Correct
2Mexico8,555,500Mexico City
100%
3USA-NY8,405,837New York City
100%
6Peru6,321,173Lima
98%
8USA-CA3,884,307Los Angeles
98%
7Brazil6,093,472Rio de Janeiro
98%
4Colombia6,840,116Bogota
97%
9Argentina3,776,138Buenos Aires
97%
5Chile6,500,000Santiago
97%
12Canada2,795,060Toronto
97%
10Venezuela2,950,033Caracas
96%
1Brazil10,886,518Sao Paulo
96%
13USA-IL2,718,782Chicago
95%
19USA-TX2,195,914Houston
95%
14Brazil2,455,903Brasilia
93%
46USA-TX1,257,676Dallas
93%
22Cuba2,106,146Havana
93%
25Canada1,717,767Montreal
92%
28Ecuador1,607,734Quito
90%
79USA-CA837,442San Francisco
90%
31USA-AZ1,513,367Phoenix
89%
42USA-CA1,355,896San Diego
89%
73Bolivia877,363La Paz
88%
29USA-PA1,553,165Philadelphia
88%
70USA-TX885,400Austin
85%
44Uruguay1,303,182Montevideo
85%
33Mexico1,500,800Guadalajara
83%
38USA-TX1,409,019San Antonio
83%
35Dominican Republic1,484,789Santo Domingo
83%
16Brazil2,412,937Belo Horizonte
81%
56Guatemala1,110,100Guatemala City
81%
18Colombia2,214,494Medellin
81%
64Haiti942,194Port au Prince
81%
77USA-IN843,393Indianapolis
80%
60USA-CA998,537San Jose
80%
71Canada883,391Ottawa
78%
52Mexico1,173,600Monterrey
77%
50Canada1,195,194Calgary
74%
78USA-FL842,583Jacksonville
74%
20Colombia2,119,908Cali
72%
30Brazil1,533,580Recife
72%
65Nicaragua927,087Managua
70%
11Brazil2,892,625Salvador
70%
37Brazil1,420,667Porto Alegre
69%
55Honduras1,126,534Tegucigalpa
69%
72Canada877,926Edmonton
68%
27Brazil1,612,475Manaus
65%
41Mexico1,386,100Tijuana
65%
15Brazil2,431,415Fortaleza
64%
17Ecuador2,278,691Guayaquil
64%
26Argentina1,613,211Cordoba
58%
23Brazil1,797,408Curitiba
56%
39Brazil1,408,847Belem
54%
21Venezuela2,109,201Maracaibo
53%
34Mexico1,498,300Puebla
51%
43Argentina1,325,090Rosario
51%
54Colombia1,146,359Barranquilla
46%
36Bolivia1,453,549Santa Cruz de la Sierra
46%
40Mexico1,398,400Juarez
42%
68Colombia892,545Cartagena
41%
58Brazil1,039,297Campinas
39%
32Venezuela1,501,023Valencia
37%
45Mexico1,277,700Leon
36%
57Argentina1,109,104Mendoza
34%
62Brazil957,899Sao Luis
34%
47Brazil1,244,645Goiania
33%
69Mexico887,600Chihuahua
28%
59Venezuela1,032,102Barquisimeto
22%
63Argentina957,800La Plata
22%
67Venezuela901,982Maracay
21%
74Brazil874,014Maceió
20%
66Argentina903,100San Miguel de Tucuman
20%
24Mexico1,742,000Ecatepec de Morelos
19%
48Brazil1,236,192Guarulhos
19%
51Bolivia1,184,942El Alto
17%
75Brazil873,921Duque de Caxias
15%
61Brazil960,631São Gonçalo
15%
49Mexico1,202,900Zapopan
14%
76Venezuela851,389Ciudad Guayana
13%
53Mexico1,158,100Nezahualcóyotl
12%
80Mexico835,200Naucalpan
9%

Score Distribution

Percentile by Number Answered

Percent of People with Each Score

Your Score History

You have not taken this quiz since the last reset